| 000 | 00711nam a2200205 i 4500 | ||
|---|---|---|---|
| 001 | 70528 | ||
| 003 | ES-MaACL | ||
| 005 | 20240228151644.0 | ||
| 007 | t| | ||
| 008 | 040727s1946 sp ||||1| spa d | ||
| 100 | 1 |
_aGarcía Venero, Maximiano. _955393 |
|
| 245 | 1 | 0 |
_aHistoria del parlamentarismo español / _cMaximiano García Venero. |
| 260 |
_aMadrid : _bInstituto de Estudios Políticos, _c1946 ( _fAccasor) |
||
| 300 |
_a551 p., [11] h. de lám. : _bil. ; _c27 cm. |
||
| 650 | 4 |
_aParlamentarismo- _zEspaña. _9154821 |
|
| 651 | 4 |
_aEspaña- _xHistoria- _y1814-1833, Fernando VII _98248 |
|
| 710 | 2 |
_aInstituto de Estudios Políticos (Madrid) _94924 |
|
| 852 |
_aES-MaACL _jG-9960 |
||
| 999 |
_c70528 _d70528 |
||